| 000 | 01305aam a2200325 i 4500 | ||
|---|---|---|---|
| 001 | 768714001 | ||
| 003 | CO-MdFUSB | ||
| 005 | 20241023094650.0 | ||
| 007 | ta | ||
| 008 | 241023t19891995-usa|||| |||| 001 0 eng d | ||
| 020 | _a1-56476-749-3 | ||
| 040 |
_bspa _cCO-MdFUSB _dCO-MdFUSB |
||
| 041 | 0 | _aeng | |
| 082 | 0 | 4 |
_223 _a268.4 _bL441 |
| 100 | 1 |
_aLeBar, Lois E. (1907-) _eautor |
|
| 245 | 0 | 0 |
_aEducation that is christian _c/ Lois E. LeBar |
| 264 | 1 |
_aColorado Springs, Colorado : _bChariot Victor Publishing _c[1995] |
|
| 264 | 4 | _a©1989 | |
| 300 |
_a299 páginas _b: ilustraciones _c; 23 cm. |
||
| 336 |
_atexto _btxt _2rdacontent |
||
| 337 |
_2rdamedia _asin mediación _bn |
||
| 338 |
_2rdacarrier _avolumen _bnc |
||
| 500 | _aIncluye índice e ilustraciones | ||
| 505 | _aNecesidad de fundamentos para la enseñanza cristiana. -- Patrones de educación excepcionales. -- El maestro vino de dios. -- Ideas de otras partes de las escrituras. -- El uso de la biblia en la enseñanza. -- El proceso de enseñanza-aprendizaje. -- Autoridad y creatividad. -- Estructuración del currículo. -- El maestro humano trabajando con el maestro divino. | ||
| 563 | _aRústico | ||
| 650 | 7 |
_aEducación cristiana _9349 |
|
| 942 | _cBK | ||
| 945 | _aCatherine Arias Alvarez | ||
| 999 |
_c37985 _d37985 |
||